Les 20 préfectures les plus proches de Nanterre - Statistiques

Statistiques générales
  • Ce quiz a été pris 145 fois
  • Le résultat moyen est 14 sur 20
Statistiques - réponses
distance (en km) ville préfecture % Correct
9 Paris
98%
12 Versailles
89%
21.67 Cergy-Pontoise
84%
22.12 Creteil
83%
112.36 Orleans
83%
101 Rouen
83%
111.7 Amiens
79%
17 Bobigny
79%
79 Evreux
77%
38 Evry-Courcouronnes
75%
73 Chartres
71%
51 Melun
71%
61 Beauvais
70%
153 Troyes
62%
158.33 Auxerre
60%
127 Laon
59%
159 Blois
57%
164 Alencon
55%
157.83 Chalons en Champagne
53%
161 Arras
52%
Aucun quiz correspondant
Distribution des résultats
% des personnes avec chaque résultat
Percentile par nombre de réponses
Votre historique - résultats
Vous n’avez pas pris ce quiz